Desarrollo y propuesta de una metodología de diseño para sistemas de protección catódica utilizando corriente impresa para tanques de almacenamiento de hidrocarburos
Gardado en:
| Autor Principal: | |
|---|---|
| Outros autores: | , |
| Formato: | Libro |
| Publicado: |
San José, Costa Rica
2010
|
| Materias: | |
| Etiquetas: |
Engadir etiqueta
Sen Etiquetas, Sexa o primeiro en etiquetar este rexistro!
|
MARC
| LEADER | 00000nam a2200000Ia 4500 | ||
|---|---|---|---|
| 003 | 001664 | ||
| 005 | 20221231144036.0 | ||
| 008 | 140114s2010 cr a 000 ||s d | ||
| 040 | |c cru CEDI | ||
| 090 | |a TFG 6171 | ||
| 100 | |a Bustamante Román, Mauricio |9 3054 | ||
| 245 | |a Desarrollo y propuesta de una metodología de diseño para sistemas de protección catódica utilizando corriente impresa para tanques de almacenamiento de hidrocarburos | ||
| 260 | |c 2010 |b San José, Costa Rica | ||
| 500 | |a Tesis (licenciatura en ingeniería mecánica)--Universidad de Costa Rica. Facultad de Ingeniería. Escuela de Ingeniería Mecánica | ||
| 650 | |x HIDROCARBUROS |x PROTECCION CATODICA |x DISEÑO DE ESTRUCTURAS |x NORMAS |x TANQUES DE ALMACENAMIENTO DE CRUDOS |x CORROSION Y ANTICORROSIVOS |x PROYETO TERMICO GARABITO (COSTA RICA) |9 3057 | ||
| 700 | |9 3055 |a Chaves Santacruz, Luis | ||
| 700 | |a Fernández Mora, Karolina |9 3058 | ||
| 942 | |c TFG | ||
| 999 | |c 16044 |d 16044 | ||
